Outsider bohém příběh pro fagot a komorní orchestr = Outsider bohemian : story for bassoon and chamber orchestra : op. 29 /

Hlavní autor: Hybler, Martin, 1977-
Jazyk: Nelze použít, není lingvistický obsah
Vydáno: Praha : Český rozhlas, 2008
Vydání: 1. vyd.
Témata:
Fyzický popis: 1 partitura (38 s.) ; 30 cm
Hudebniny Hudebniny
Uloženo v:
LEADER 01384ncm a2200385 a 4500
001 000958449
003 CZ BrMZK
005 20160923093706.0
007 qu
008 090728s2008 xr zza g e || zxx d
024 2 |a 979-0-66061-127-2  |q (brož.) 
028 2 1 |a R 163  |b Český rozhlas 
040 |a BOA001  |b cze 
041 0 |g cze  |g eng 
048 |b wd01  |a oa01 
072 7 |a 785  |x Instrumentální hudba. Symfonická hudba. Hudba pro více nástrojů  |2 Konspekt  |9 9 
080 |a 788.8.083  |2 MRF 
080 |a 78.089.6  |2 MRF 
100 1 |a Hybler, Martin,  |d 1977-  |7 jn20030425003  |4 cmp 
245 0 0 |a Outsider bohém  |h [hudebnina] :  |b příběh pro fagot a komorní orchestr = Outsider bohemian : story for bassoon and chamber orchestra : op. 29 /  |c Martin Hybler 
246 3 1 |a Outsider bohemian 
250 |a 1. vyd. 
254 |a Partitura 
260 |a Praha :  |b Český rozhlas,  |c 2008 
300 |a 1 partitura (38 s.) ;  |c 30 cm 
306 |a 001700 
500 |a Durata: cca 17 min. 
500 |a Doprovodný text česky a anglicky 
650 0 4 |a drobné skladby (fagot, komorní orchestr) 
650 0 7 |a drobné skladby  |7 ph321708  |z Česko  |y 21. stol.  |2 czenas 
655 7 |a partitury  |7 fd185981  |2 czenas 
910 |a BOA001  |b Mus4-1226.572 
990 |a MU 
991 |b 200909  |c NOV 
996 6 |b 2610384356  |c Mus4-1226.572  |l MZK  |r Sklad / do 1 hodiny  |n 0  |w 001090833  |u 000010  |a 1  |e BOA001  |j MZK50  |s P